000 00330nam a22001457a 4500
003 OSt
005 20160727222339.0
008 160618b xxu||||| |||| 00| 0 eng d
040 _cTEST
100 _927
_aSage, A
245 _aPlayful Pets
_bPlayful Pets
260 _aG.Briton Beaver
_c1994
300 _aPlayful Pets
942 _2ddc
_cBK
999 _c25
_d25